logo

Bir Sreshtho Munshi Abdur Rouf Library
Jhenaidah Cadet College

A Textbook of Optics / (Record no. 5452)

MARC details
000 -LEADER
fixed length control field 00640nam a2200253 a 4500
001 - CONTROL NUMBER
JCCL Control Number 5452
003 - CONTROL NUMBER IDENTIFIER
JCCL marc code BD-JhCC
005 - DATE AND TIME OF LATEST TRANSACTION
control field 20250712084424.0
008 - FIXED-LENGTH DATA ELEMENTS--GENERAL INFORMATION
fixed length control field 171214s1966 ii a|||| ||a| 001 0 eng d
020 ## - INTERNATIONAL STANDARD BOOK NUMBER
International Standard Book Number 8121904676
035 ## - SYSTEM CONTROL NUMBER
system control number (BD-JhCC)5452
040 ## - CATALOGING SOURCE
Original cataloging agency BD-JhCC
Modifying agency BD-JhCC
041 ## - LANGUAGE CODE
Language code of Book eng
082 ## - DEWEY DECIMAL CLASSIFICATION NUMBER
Classification number 535
Author mark and Year SUB 1966
100 ## - MAIN ENTRY--PERSONAL NAME
Personal name Subrahmanyam, N.
245 ## - TITLE STATEMENT
Title A Textbook of Optics /
Statement of responsibility, etc N. Subrahmanyam; Brij Lal
260 ## - PUBLICATION, DISTRIBUTION, ETC. (IMPRINT)
Place of publication, distribution, etc New Delhi :
Name of publisher, distributor, etc Vikas Publishing House Pvt Ltd,
Date of publication, distribution, etc 1974.
300 ## - PHYSICAL DESCRIPTION
Pagination 718p. :
Other physical details illu;
Dimensions 21 cm.
650 ## - SUBJECT ADDED ENTRY--TOPICAL TERM
Topical term or geographic name as entry element Optics
650 ## - SUBJECT ADDED ENTRY--TOPICAL TERM
Topical term or geographic name as entry element Physics
700 ## - ADDED ENTRY--PERSONAL NAME
Personal name Lal, Brij
942 ## - ADDED ENTRY ELEMENTS (KOHA)
Source of classification or shelving scheme Dewey Decimal Classification
Koha item type Books
Holdings
Source of classification or shelving scheme Damaged status Not for loan Home library Current library Shelving location Date of accession Total Checkouts Full call number Barcode Date last seen Date checked out Copy number Koha item type
Dewey Decimal Classification     JCC Rouf Library JCC Rouf Library General Stacks 10/12/2023 1 535 SUB 1966 7548 07/12/2025 10/12/2023 C-1 Books
Dewey Decimal Classification     JCC Rouf Library JCC Rouf Library General Stacks     535 SUB 1966 11825 03/13/2018   C-2 Books

JCC Library | Contacts | JCC Home

Last Update on 23 September 2017
Copyright @ 2017-2020 JCC Rouf Library
Rouf Library, Jhenidah Cadet College (JCC), Bangladesh